000
00297nam a22001337a 4500
008
171019b xxu||||| |||| 00| 0 eng d
020
_a
9780071605854
041
_a
eng
080
_a
338
100
_a
53
101
_a
MEN
245
_a
MANGING ACROSS CULTURES
_c
SOLOMON.CH.M
942
_2
udc
_c
BK
999
_c
34965
_d
34965